000
00281nam a2200145Ia 4500
100
_a
I.T.B
942
_c
BK
654
_a
Grinding
245
_a
Grinding I
260
_b
Engg.Industry
_a
England
_c
1974
082
_a
621
_b
ITB
300
_a
176
546
_a
ENGLISH
999
_c
27674
_d
27674